| 000 -LEADER |
| fixed length control field |
00961nam a2200229 a 4500 |
| 001 - CONTROL NUMBER |
| control field |
10783 |
| 003 - CONTROL NUMBER IDENTIFIER |
| control field |
BD-DhUAP |
| 005 - DATE AND TIME OF LATEST TRANSACTION |
| control field |
20201116143918.0 |
| 008 - FIXED-LENGTH DATA ELEMENTS--GENERAL INFORMATION |
| fixed length control field |
201116s2006 bg a b 001 0 ben d |
| 020 ## - INTERNATIONAL STANDARD BOOK NUMBER |
| International Standard Book Number |
9843233751 |
| 040 ## - CATALOGING SOURCE |
| Original cataloging agency |
DLC |
| Transcribing agency |
DLC |
| Language of cataloging |
Ben |
| Modifying agency |
BD-DhUAP |
| 082 00 - DEWEY DECIMAL CLASSIFICATION NUMBER |
| Classification number |
954.922 AHM |
| Edition number |
23 |
| 100 ## - MAIN ENTRY--PERSONAL NAME |
| Personal name |
আহমেদ, শরীফ উদ্দিন। |
| 245 10 - TITLE STATEMENT |
| Title |
ঢাকা : |
| Remainder of title |
ইতিহাস ও নগর জীবন, ১৮৪০-১৯২১ / |
| Statement of responsibility, etc. |
শরীফ উদ্দিন আহমেদ। |
| 250 ## - EDITION STATEMENT |
| Edition statement |
৩য় সং.। |
| 260 ## - PUBLICATION, DISTRIBUTION, ETC. |
| Place of publication, distribution, etc. |
ঢাকা : |
| Name of publisher, distributor, etc. |
একাডেমিক প্রেস এন্ড পাবলিশার্স, |
| Date of publication, distribution, etc. |
c২০০৬। |
| 300 ## - PHYSICAL DESCRIPTION |
| Extent |
[১১], ৩৮৪ পৃষ্ঠা : |
| Other physical details |
চিত্র ; |
| Dimensions |
২৩ সেমি. |
| 504 ## - BIBLIOGRAPHY, ETC. NOTE |
| Bibliography, etc. note |
গ্রন্থপঞ্জি সম্বলিত। |
| 651 ## - SUBJECT ADDED ENTRY--GEOGRAPHIC NAME |
| Geographic name |
Dhaka -- History -- 1840-1921. |
| 942 ## - ADDED ENTRY ELEMENTS (KOHA) |
| Source of classification or shelving scheme |
|
| Koha item type |
Book |